[Event "1. OEsterreichische Internet Schach Meisterschaft - Vorrunde 3"]
[Site "Online - Playchess.com"]
[Date ""]
[Round "7"]
[Board "47"]
[White "Horvath, Maria"]
[Black "Schloffer, Jasmin-Denise"]
[Result "0-1"]
[WhiteElo "1995"]
[BlackElo "2110"]
[PlyCount "104"]
[EventDate "2020.04.17"]
[EventRounds "9"]
[EventCountry "AUT"]

1. d4 Nf6 2. Nf3 e6 3. e3 d5 4. Bd3 Be7 5. O-O O-O 6. b3 c5 7. Bb2 b6 8. Qe2 Bb7
9. Nbd2 Nc6 10. Ne5 Rc8 11. a3 Nxe5 12. dxe5 Ne4 13. Rad1 Qc7 14. f3 Nxd2 15. Rxd2
Rfd8 16. f4 d4 17. exd4 cxd4 18. Qh5 g6 19. Qh3 a5 20. Qg3 Kh8 21. h4 Bc5 22. Kh1
Rg8 23. Qg5 Qe7 24. Qh6 Qd8 25. Bc1 Bf8 26. Qg5 Be7 27. Qg4 h5 28. Qe2 Bxh4 29. Kh2
g5 30. f5 g4 31. fxe6 fxe6 32. Rf7 Rg7 33. Qf1 Qg8 34. Rf6 Bxf6 35. exf6 Rf7 36.
Rf2 Rcf8 37. Kg1 h4 38. Rf4 h3 39. Qe2 Rxf6 40. Rxg4 h2+ 41. Kxh2 Qf7 42. Rh4+ Kg8
43. Qg4+ Qg7 44. Qh3 Kf7 45. Rg4 Qh8 46. Qxh8 Rxh8+ 47. Kg1 Rg8 48. Rh4 Rg7 49. Bh6
Rxg2+ 50. Kh1 Rg4+ 51. Kh2 Rxh4+ 52. Kg3 Rhxh6  0-1

[Event "1. OEsterreichische Internet Schach Meisterschaft - Vorrunde 3"]
[Site "Online - Playchess.com"]
[Date ""]
[Round "7"]
[Board "48"]
[White "Teuschler, Hugo"]
[Black "Steirer, Gerhard"]
[Result "1/2-1/2"]
[WhiteElo "2055"]
[BlackElo "1854"]
[PlyCount "149"]
[EventDate "2020.04.17"]
[EventRounds "9"]
[EventCountry "AUT"]

1. e4 c5 2. Nf3 a6 3. d4 cxd4 4. Nxd4 Nf6 5. Bd3 e5 6. Nf3 Nc6 7. O-O Bc5 8. Nc3
h6 9. Nd5 Be7 10. Nxf6+ Bxf6 11. Bc4 d6 12. h3 Be6 13. Bd5 O-O 14. Be3 Be7 15. Qd2
Kh7 16. Rfe1 Qd7 17. Rad1 f5 18. Bxe6 Qxe6 19. exf5 Qxf5 20. Bb6 Qg6 21. Qd3 Rf5
22. Re4 h5 23. Nh4 Bxh4 24. Rxh4 Rg5 25. Qxg6+ Rxg6 26. Rxh5+ Kg8 27. Rf5 Ne7 28.
Rf3 d5 29. Bc5 e4 30. Rg3 Re6 31. Bxe7 Rxe7 32. Rxd5 Rae8 33. Re3 b5 34. Rd6 Ra7
35. f3 Rc8 36. c3 exf3 37. gxf3 a5 38. Rd5 b4 39. cxb4 axb4 40. a3 bxa3 41. bxa3
Rc1+ 42. Kf2 Ra1 43. Rdd3 Ra2+ 44. Kg3 Kh7 45. Rb3 Kh6 46. h4 g6 47. Red3 Rc7 48.
Rd4 Rcc2 49. a4 Rg2+ 50. Kf4 Rh2 51. Ke5 Kh5 52. Kd6 Rxh4 53. Rxh4+ Kxh4 54. Rb4+
Kg3 55. Ke5 g5 56. Kf5 Ra3 57. Kxg5 Kxf3 58. Kf5 Ke3 59. Ke5 Kd3 60. Kd5 Kc3 61.
Kc5 Kd3 62. Kb5 Kc3 63. a5 Ra1 64. Rc4+ Kb3 65. Rb4+ Kc3 66. Ra4 Rb1+ 67. Kc6 Kb3
68. a6 Rc1+ 69. Kb7 Rh1 70. Ra5 Rh7+ 71. Kb6 Rh6+ 72. Kc7 Rh7+ 73. Kd8 Rh8+ 74. Kc7
Rh7+ 75. Kc8  1/2-1/2

[Event "1. OEsterreichische Internet Schach Meisterschaft - Vorrunde 3"]
[Site "Online - Playchess.com"]
[Date ""]
[Round "7"]
[Board "49"]
[White "Guetz, Wolfgang"]
[Black "Soelkner, Julian"]
[Result "1-0"]
[WhiteElo "2078"]
[BlackElo "1484"]
[PlyCount "75"]
[EventDate "2020.04.17"]
[EventRounds "9"]
[EventCountry "AUT"]

1. e4 d6 2. d4 Nf6 3. Nc3 e5 4. dxe5 dxe5 5. Qxd8+ Kxd8 6. Nf3 Nc6 7. Bg5 Bb4 8.
O-O-O+ Ke7 9. Nd5+ Ke6 10. Bxf6 gxf6 11. Bc4 Kd6 12. Nxb4+ Kc5 13. Nxc6 Kxc4 14.
Ne7 Be6 15. Nf5 a5 16. Ne3+ Kc5 17. Rd3 a4 18. a3 b5 19. Rhd1 Kb6 20. Nd5+ Kb7 21.
Nxf6 c5 22. Nxe5 b4 23. Nxf7 Rhf8 24. Nd6+ Kc6 25. e5 b3 26. cxb3 axb3 27. f4 Rfb8
28. Rc3 Ra5 29. f5 Bg8 30. Nxg8 Rxg8 31. Rd2 Rb8 32. Ne4 Ra7 33. Rxc5+ Kb6 34. Rd6+
Kb7 35. Rb5+ Kc7 36. Rxb8 Kxb8 37. Rb6+ Kc7 38. Rxb3  1-0

[Event "1. OEsterreichische Internet Schach Meisterschaft - Vorrunde 3"]
[Site "Online - Playchess.com"]
[Date ""]
[Round "7"]
[Board "50"]
[White "Grosse, Manfred"]
[Black "Wiedermann, Daniel"]
[Result "0-1"]
[WhiteElo "1860"]
[BlackElo "2048"]
[PlyCount "74"]
[EventDate "2020.04.17"]
[EventRounds "9"]
[EventCountry "AUT"]

1. d4 Nf6 2. c4 g6 3. Nc3 Bg7 4. e4 O-O 5. Bd3 d6 6. Nge2 e5 7. d5 a5 8. f3 Na6 9.
Be3 h6 10. Qd2 Kh7 11. O-O-O c6 12. h4 cxd5 13. cxd5 Nc5 14. Bb1 Bd7 15. Bxc5 dxc5
16. Ng3 h5 17. Nce2 b5 18. Rdf1 b4 19. Kd1 c4 20. Ng1 Bh6 21. Qe2 Bb5 22. Nh3 Qb6
23. Ng5+ Kg7 24. f4 Ng4 25. Nxh5+ gxh5 26. fxe5 c3 27. Bd3 Qd4 28. Rxf7+ Rxf7 29.
Ne6+ Kh8 30. Nxd4 Bxd3 31. Qxd3 Nf2+ 32. Kc2 Nxd3 33. Kxd3 cxb2 34. e6 Rf2 35. d6
Rc8 36. Nb3 Bg7 37. e7 Rc3#  0-1

[Event "1. OEsterreichische Internet Schach Meisterschaft - Vorrunde 3"]
[Site "Online - Playchess.com"]
[Date ""]
[Round "7"]
[Board "51"]
[White "Mira, Helene"]
[Black "Kepplinger, Lukas"]
[Result "1/2-1/2"]
[WhiteElo "2082"]
[BlackElo "2014"]
[PlyCount "103"]
[EventDate "2020.04.17"]
[EventRounds "9"]
[EventCountry "AUT"]

1. d4 d5 2. c4 c6 3. Nf3 Nf6 4. Nc3 dxc4 5. a4 Bf5 6. e3 Nbd7 7. Bxc4 Nb6 8. Ba2
e6 9. O-O Be7 10. Qe2 O-O 11. e4 Bg6 12. Rd1 Qc7 13. Ne5 Rad8 14. g3 Bb4 15. Nxg6
hxg6 16. f3 e5 17. Be3 exd4 18. Bxd4 Rxd4 19. Rxd4 Bc5 20. Rad1 Rd8 21. Qe3 Rxd4
22. Rxd4 Qe5 23. Ne2 Bxd4 24. Nxd4 Qc5 25. Bb3 Nc4 26. Qc3 b5 27. axb5 cxb5 28. Bxc4
Qxc4 29. Qxc4 bxc4 30. Nb5 Nd7 31. Nxa7 Ne5 32. Kg2 Nd3 33. Nb5 Nxb2 34. Nc3 f5 35.
e5 Kf7 36. Kf2 Ke6 37. f4 g5 38. Ke3 Nd3 39. h3 gxf4+ 40. gxf4 g5 41. fxg5 Kxe5 42.
h4 f4+ 43. Kf3 Kf5 44. Ne2 Ne5+ 45. Kf2 Kg4 46. h5 Kxg5 47. h6 Kxh6 48. Nxf4 Kg5
49. Nd5 Kf5 50. Ke3 Ke6 51. Kd4 Nf3+ 52. Kxc4  1/2-1/2

[Event "1. OEsterreichische Internet Schach Meisterschaft - Vorrunde 3"]
[Site "Online - Playchess.com"]
[Date ""]
[Round "7"]
[Board "52"]
[White "Haas, Gerald"]
[Black "Riemelmoser, Stefan"]
[Result "1-0"]
[WhiteElo "1906"]
[BlackElo "2046"]
[PlyCount "131"]
[EventDate "2020.04.17"]
[EventRounds "9"]
[EventCountry "AUT"]

1. c4 e6 2. Nc3 d5 3. cxd5 exd5 4. d4 c6 5. f3 Nf6 6. Bf4 Bd6 7. Bxd6 Qxd6 8. e3
O-O 9. Bd3 Nbd7 10. Nge2 Re8 11. Qd2 Nf8 12. O-O Ng6 13. Rad1 Be6 14. e4 dxe4 15.
fxe4 Qc7 16. e5 Nd5 17. Ne4 Qb6 18. Qg5 Re7 19. h4 Bd7 20. Kh1 Kh8 21. Nd6 Be6 22.
h5 h6 23. Qg3 Nf8 24. Qh4 Nh7 25. Nc4 Qc7 26. Nf4 Nxf4 27. Rxf4 Ng5 28. Nd6 Bd5 29.
Rdf1 Rf8 30. Qg4 Be6 31. Qe2 Qd7 32. Qe3 Bd5 33. Nf5 Kg8 34. Nxe7+ Qxe7 35. Qg3 Bxa2
36. Bg6 Be6 37. Bf5 Bd5 38. e6 f6 39. Re1 Rd8 40. Qe3 Kf8 41. Rf2 Rd6 42. Rfe2 Ke8
43. Bg6+ Kd8 44. Bf7 Kc7 45. Qf4 Kb6 46. Kh2 a6 47. b3 Ka7 48. b4 Bc4 49. Re5 Rd5
50. Rxd5 Bxd5 51. Qd2 Nxf7 52. exf7 Qxf7 53. Qc3 Qxh5+ 54. Kg1 b6 55. Qg3 Qf7 56.
Qd6 Ka8 57. Re7 Qf8 58. Qd7 Qb8 59. Re8 a5 60. Rxb8+ Kxb8 61. bxa5 bxa5 62. Qd8+
Kb7 63. Qxa5 Kc8 64. Qc5 Kd7 65. Qf8 g5 66. Qxf6  1-0

[Event "1. OEsterreichische Internet Schach Meisterschaft - Vorrunde 3"]
[Site "Online - Playchess.com"]
[Date ""]
[Round "7"]
[Board "53"]
[White "Kainz, Josef"]
[Black "Charaus, Florian"]
[Result "0-1"]
[WhiteElo "2005"]
[BlackElo "2055"]
[PlyCount "44"]
[EventDate "2020.04.17"]
[EventRounds "9"]
[EventCountry "AUT"]

1. d4 Nf6 2. c4 e6 3. g3 Bb4+ 4. Bd2 Qe7 5. Bg2 O-O 6. Nc3 d6 7. e4 e5 8. d5 Bg4
9. Nge2 h5 10. h3 Bd7 11. O-O a5 12. a3 Bc5 13. Rb1 Na6 14. Kh2 Kh7 15. f4 Rh8 16.
fxe5 dxe5 17. Ng1 Kg8 18. Bg5 Ng4+ 19. hxg4 Qxg5 20. Bf3 hxg4+ 21. Kg2 gxf3+ 22.
Nxf3 Bh3+  0-1

[Event "1. OEsterreichische Internet Schach Meisterschaft - Vorrunde 3"]
[Site "Online - Playchess.com"]
[Date ""]
[Round "7"]
[Board "54"]
[White "Borrmann, Laurenz"]
[Black "Birklbauer, Toni"]
[Result "0-1"]
[WhiteElo "1880"]
[BlackElo "2034"]
[PlyCount "72"]
[EventDate "2020.04.17"]
[EventRounds "9"]
[EventCountry "AUT"]

1. Nf3 d5 2. g3 c6 3. Bg2 Bf5 4. O-O Nf6 5. d3 h6 6. Nbd2 Nbd7 7. Qe1 e6 8. e4 Bh7
9. Qe2 Be7 10. Rd1 O-O 11. h3 Qb6 12. e5 Ne8 13. Nb3 c5 14. Be3 a5 15. a4 d4 16.
Bf4 Nc7 17. Nfd2 Nd5 18. Nc4 Qd8 19. Bd2 b6 20. Be4 Rb8 21. Bxh7+ Kxh7 22. Qe4+ g6
23. h4 Rg8 24. h5 Qf8 25. Be1 f5 26. exf6 Qxf6 27. Nbd2 Rbf8 28. Nb1 Kh8 29. Nba3
gxh5 30. Nb5 h4 31. Kg2 hxg3 32. fxg3 Qf1+ 33. Kh2 Rf2+ 34. Bxf2 Qxf2+ 35. Kh1 Rxg3
36. Rd2 Rh3#  0-1

[Event "1. OEsterreichische Internet Schach Meisterschaft - Vorrunde 3"]
[Site "Online - Playchess.com"]
[Date ""]
[Round "7"]
[Board "55"]
[White "Filek, Mattias"]
[Black "Knoll, Martin"]
[Result "0-1"]
[WhiteElo "1932"]
[BlackElo "2018"]
[PlyCount "88"]
[EventDate "2020.04.17"]
[EventRounds "9"]
[EventCountry "AUT"]

1. e4 c6 2. d4 d5 3. e5 Bf5 4. h4 h5 5. Bd3 Bxd3 6. Qxd3 e6 7. Bg5 Be7 8. Nf3 g6
9. c4 Nd7 10. Nc3 Qb6 11. O-O Bxg5 12. Nxg5 Ne7 13. cxd5 Nxd5 14. Nce4 O-O 15. Qd2
Kg7 16. Nh3 c5 17. dxc5 Nxc5 18. Nd6 Qb4 19. Qg5 Ne4 20. Nxe4 Qxe4 21. Rfe1 Qg4 22.
Rac1 Rac8 23. f3 Qd4+ 24. Nf2 Rxc1 25. Rxc1 Qxb2 26. Ne4 Qd4+ 27. Kh1 b5 28. Nf6
Nxf6 29. exf6+ Qxf6 30. Qxb5 Qxh4+ 31. Kg1 Qd4+ 32. Kh1 Rd8 33. Qg5 Qd5 34. Qe3 Qf5
35. Qxa7 Rd2 36. Qe3 Rxa2 37. Qd4+ Kh7 38. Rc7 Kh6 39. Qh8+ Kg5 40. Qd4 Qf4 41. Qd8+
f6 42. Rf7 Qh4+ 43. Kg1 Ra1+ 44. Qd1 Rxd1#  0-1

[Event "1. OEsterreichische Internet Schach Meisterschaft - Vorrunde 3"]
[Site "Online - Playchess.com"]
[Date ""]
[Round "7"]
[Board "56"]
[White "Schroettner, Tobias Julian"]
[Black "Rosol, Alexander"]
[Result "1-0"]
[WhiteElo "1503"]
[BlackElo "1933"]
[PlyCount "297"]
[EventDate "2020.04.17"]
[EventRounds "9"]
[EventCountry "AUT"]

1. e4 d6 2. d4 Nf6 3. f3 e5 4. dxe5 dxe5 5. Qxd8+ Kxd8 6. Bc4 Ke8 7. Bg5 Nbd7 8.
Nc3 c6 9. Nge2 b5 10. Bb3 Bb4 11. a3 Bc5 12. Bh4 a5 13. Bf2 Ke7 14. Nd1 Rd8 15. c3
Bxf2+ 16. Kxf2 Nc5 17. Bc2 Be6 18. Ne3 Rd7 19. Rhd1 Rad8 20. Rxd7+ Rxd7 21. Rd1 g6
22. Nc1 a4 23. Nd3 Nxd3+ 24. Rxd3 Nh5 25. g3 Ng7 26. Rxd7+ Kxd7 27. c4 Ne8 28. Ke2
Nd6 29. cxb5 cxb5 30. Bd3 Kc6 31. Nc2 Bc4 32. Nb4+ Kc5 33. Na6+ Kb6 34. Nb4 Kc5 35.
Na6+ Kd4 36. Nb4 Bxd3+ 37. Nxd3 Nc4 38. h3 f6 39. h4 Nd6 40. Ne1 Kc4 41. Kd2 Kb3
42. Kc1 f5 43. exf5 gxf5 44. Nd3 e4 45. fxe4 fxe4 46. Nc5+ Kc4 47. Ne6 Kd3 48. Nf4+
Ke3 49. Nd5+ Kf2 50. g4 e3 51. Nf4 e2 52. Nd3+ Kf1 53. Kd2 Nc4+ 54. Kc3 e1=Q+ 55.
Nxe1 Kxe1 56. g5 Kf2 57. h5 Ne5 58. Kb4 Kf3 59. Kxb5 Kf4 60. g6 Nxg6 61. hxg6 hxg6
62. Kxa4 g5 63. b4 g4 64. b5 g3 65. b6 g2 66. b7 g1=Q 67. b8=Q+ Kf3 68. Qb7+ Ke2
69. Qb2+ Kf3 70. Qc3+ Ke2 71. Qc2+ Kf3 72. Qd3+ Kf4 73. Qd6+ Kf3 74. Qf6+ Ke2 75.
Qe5+ Kf3 76. Qd5+ Kf4 77. Kb4 Qb1+ 78. Qb3 Qe1+ 79. Qc3 Qe7+ 80. Kb3 Kf5 81. Qf3+
Kg6 82. Qc6+ Kf7 83. Qc4+ Kg7 84. a4 Qb7+ 85. Qb4 Qd5+ 86. Qc4 Qb7+ 87. Ka3 Qe7+
88. Qb4 Qe3+ 89. Qb3 Qe7+ 90. Ka2 Qc7 91. Kb2 Qh2+ 92. Qc2 Qb8+ 93. Ka2 Qa7 94. Qb2+
Kh7 95. Qh2+ Kg7 96. Qg3+ Kh6 97. Qf4+ Kg6 98. Qd6+ Kg5 99. Qd5+ Kg4 100. a5 Qf2+
101. Kb3 Qe3+ 102. Kc4 Qe2+ 103. Kc5 Qe7+ 104. Qd6 Qa7+ 105. Qb6 Qe7+ 106. Kb5 Qd7+
107. Qc6 Qe7 108. a6 Kh3 109. Qh1+ Kg3 110. Qg1+ Kh3 111. Qf1+ Kg3 112. Qd3+ Kh2
113. Qd2+ Kh1 114. Kb6 Qe6+ 115. Kb7 Qe7+ 116. Kc6 Qe6+ 117. Qd6 Qc4+ 118. Kb7 Qb5+
119. Qb6 Qd7+ 120. Qc7 Qb5+ 121. Ka7 Qg5 122. Qb7+ Kg1 123. Kb8 Qd8+ 124. Qc8 Qd6+
125. Ka8 Qd5+ 126. Qb7 Qd8+ 127. Ka7 Kh2 128. Qh7+ Kg1 129. Qg6+ Kf1 130. Qf7+ Ke1
131. Kb7 Qd4 132. a7 Qb4+ 133. Kc8 Qc5+ 134. Kd8 Qb6+ 135. Ke8 Qc6+ 136. Kf8 Kd1
137. Qf1+ Kd2 138. Qf2+ Kd1 139. Qf7 Kd2 140. Qf2+ Kd1 141. Qd4+ Ke1 142. Qf4 Qc8+
143. Kg7 Qd7+ 144. Qf7 Qg4+ 145. Qg6 Qd7+ 146. Qf7 Qg4+ 147. Kf8 Qe4 148. Qe7 Qxe7+
149. Kxe7  1-0

[Event "1. OEsterreichische Internet Schach Meisterschaft - Vorrunde 3"]
[Site "Online - Playchess.com"]
[Date ""]
[Round "7"]
[Board "57"]
[White "Gartmayer, Stefan"]
[Black "Strasser, Josef"]
[Result "1/2-1/2"]
[WhiteElo "1914"]
[BlackElo "1829"]
[PlyCount "130"]
[EventDate "2020.04.17"]
[EventRounds "9"]
[EventCountry "AUT"]

1. d4 d5 2. Nf3 c6 3. c4 Nf6 4. Nc3 Bf5 5. Bg5 e6 6. e3 h6 7. Bh4 Be7 8. Be2 Nbd7
9. O-O O-O 10. cxd5 exd5 11. Qb3 Qb6 12. Qxb6 axb6 13. a3 b5 14. Ne5 Rfe8 15. f4
b4 16. axb4 Bxb4 17. Nxd7 Nxd7 18. g4 Bh7 19. Rxa8 Rxa8 20. f5 g5 21. Bg3 Kf8 22.
Bf3 f6 23. e4 Bg8 24. e5 fxe5 25. dxe5 Nc5 26. e6 Nd3 27. Rb1 d4 28. Ne4 Ra2 29.
Nd6 Ke7 30. Nxb7 Rxb2 31. Rxb2 Nxb2 32. Be5 c5 33. Bd5 Bxe6 34. Bxe6 d3 35. Bxb2
d2 36. Bb3 c4 37. Bd1 c3 38. Bxc3 Bxc3 39. Nc5 Bd4+ 40. Kg2 Bxc5 41. Kf3 Bb4 42.
Ke2 Kf6 43. Bb3 h5 44. h3 hxg4 45. hxg4 Ba5 46. Kf3 Bb4 47. Ke4 Ba5 48. Bd1 Bb4 49.
Kd5 Ba5 50. Kc4 Bb6 51. Ba4 Bc7 52. Kd3 Bf4 53. Ke4 d1=Q 54. Bxd1 Be5 55. Kd5 Bf4
56. Bb3 Be5 57. Kc6 Bf4 58. Kd7 Be5 59. Ke8 Bf4 60. Kf8 Be5 61. Kg8 Bf4 62. Bf7 Be5
63. Bh5 Bf4 64. Kh7 Be5 65. Kh6 Bf4  1/2-1/2

[Event "1. OEsterreichische Internet Schach Meisterschaft - Vorrunde 3"]
[Site "Online - Playchess.com"]
[Date ""]
[Round "7"]
[Board "58"]
[White "Kienboeck, Benjamin"]
[Black "Lager, Johannes"]
[Result "1-0"]
[WhiteElo "1922"]
[BlackElo "1611"]
[PlyCount "67"]
[EventDate "2020.04.17"]
[EventRounds "9"]
[EventCountry "AUT"]

1. e4 c5 2. Nf3 d6 3. d4 cxd4 4. Nxd4 Nf6 5. Nc3 a6 6. Be3 e6 7. f3 Be7 8. Qd2 O-O
9. O-O-O Nc6 10. g4 Bd7 11. g5 Ne8 12. h4 Qc7 13. h5 Nxd4 14. Bxd4 e5 15. Be3 b5
16. Nd5 Qd8 17. Bb6 Qb8 18. Nxe7+ Kh8 19. Be3 Be6 20. Kb1 Nc7 21. g6 Qd8 22. Nc6
Qd7 23. Nxe5 Qe7 24. Nxf7+ Bxf7 25. gxf7 Rxf7 26. h6 g6 27. Qxd6 Qe8 28. Bh3 Kg8
29. Bf4 Rf8 30. Qxc7 Rf7 31. Qe5 Re7 32. Qf6 Rf7 33. Be6 Raa7 34. Qg7#  1-0

[Event "1. OEsterreichische Internet Schach Meisterschaft - Vorrunde 3"]
[Site "Online - Playchess.com"]
[Date ""]
[Round "7"]
[Board "59"]
[White "Katter, Katharina"]
[Black "Krassnitzer, Julia"]
[Result "1-0"]
[WhiteElo "1930"]
[BlackElo "1803"]
[PlyCount "81"]
[EventDate "2020.04.17"]
[EventRounds "9"]
[EventCountry "AUT"]

1. d4 Nf6 2. Nf3 g6 3. e3 Bg7 4. b3 d6 5. Bb2 O-O 6. Be2 c5 7. O-O cxd4 8. exd4 Ne4
9. Nbd2 d5 10. c4 e6 11. Qc2 f5 12. Ne5 Nc6 13. Nxc6 bxc6 14. f3 Nxd2 15. Qxd2 Qc7
16. Ba3 Rf7 17. Bc5 Ba6 18. Rfe1 Re8 19. Bf1 Rd7 20. cxd5 Bxf1 21. dxe6 Rd5 22. Kxf1
Qxh2 23. e7 Qh1+ 24. Kf2 Qh4+ 25. Kg1 Bxd4+ 26. Bxd4 Rxd4 27. Qe3 Rd7 28. Qe6+ Kg7
29. Qxd7 Kf7 30. Qe6+ Kg7 31. Qxc6 Qd4+ 32. Kf1 Qd3+ 33. Kf2 Qd4+ 34. Kg3 h5 35.
Rad1 h4+ 36. Kh2 Qf4+ 37. Kg1 h3 38. Qxe8 h2+ 39. Kh1 Qg3 40. Qf8+ Kh7 41. e8=Q  1-0

[Event "1. OEsterreichische Internet Schach Meisterschaft - Vorrunde 3"]
[Site "Online - Playchess.com"]
[Date ""]
[Round "7"]
[Board "60"]
[White "Hiermann, Dietmar"]
[Black "Marakovits, Nico"]
[Result "1-0"]
[WhiteElo "2250"]
[BlackElo "2105"]
[PlyCount "97"]
[EventDate "2020.04.17"]
[EventRounds "9"]
[EventCountry "AUT"]

1. e4 c5 2. Nc3 e6 3. f4 g6 4. Nf3 Bg7 5. e5 d6 6. exd6 Qxd6 7. Ne4 Qxf4 8. Bb5+
Bd7 9. d3 Qc7 10. Bc4 Ne7 11. O-O O-O 12. Qe1 b5 13. Bb3 c4 14. dxc4 bxc4 15. Nfg5
cxb3 16. Nxh7 Kxh7 17. Ng5+ Kg8 18. Qh4 Qc5+ 19. Kh1 Qxg5 20. Bxg5 Nf5 21. Qf2 Bxb2
22. Rab1 Bd4 23. Qf3 Bc6 24. Qxb3 Bd5 25. Qh3 Nc6 26. Rbd1 Bg7 27. Rxf5 gxf5 28.
Qg3 Kh7 29. Qh3+ Kg8 30. Qg3 Kh7 31. c4 Be4 32. Qh4+ Kg8 33. h3 Ne5 34. Bf6 Ng6 35.
Qg5 Bxf6 36. Qxf6 Rac8 37. Rc1 Rfd8 38. Rc3 Rd1+ 39. Kh2 Rd2 40. Rg3 Rxc4 41. h4
Rd3 42. Rxg6+ fxg6 43. Qxg6+ Kf8 44. Qf6+ Kg8 45. Qxe6+ Kg7 46. Qxc4 a5 47. Qc7+
Kg6 48. Qxa5 Re3 49. Qb6+  1-0

[Event "1. OEsterreichische Internet Schach Meisterschaft - Vorrunde 3"]
[Site "Online - Playchess.com"]
[Date ""]
[Round "7"]
[Board "61"]
[White "Ragger, Anna-Christina"]
[Black "Moerwald, Magdalena"]
[Result "1-0"]
[WhiteElo "2204"]
[BlackElo "1791"]
[PlyCount "127"]
[EventDate "2020.04.17"]
[EventRounds "9"]
[EventCountry "AUT"]

1. d4 d5 2. Bf4 Nf6 3. e3 e6 4. Nf3 c5 5. c3 Nc6 6. Nbd2 b6 7. Bd3 Bb7 8. O-O Bd6
9. Ne5 O-O 10. Re1 c4 11. Bc2 Qc7 12. Nxc6 Qxc6 13. Bxd6 Qxd6 14. f4 b5 15. g4 a5
16. g5 Ne4 17. Nf3 f6 18. Kh1 fxg5 19. Bxe4 dxe4 20. Nxg5 Rf6 21. Rg1 Rg6 22. Qh5
Rh6 23. Qf7+ Kh8 24. Nxe6 Rg8 25. Nxg7 Rg6 26. Rxg6 Qxg6 27. Qxg6 hxg6 28. Ne6 b4
29. Rg1 bxc3 30. bxc3 Bd5 31. Nc7 Bc6 32. d5 Bd7 33. Rb1 Bg4 34. d6 Rd8 35. Rb6 Kg7
36. Nb5 Kf6 37. Nd4 Kf7 38. Kg2 Rh8 39. Kg3 Bd1 40. Rb7+ Kf6 41. d7 Ba4 42. Ra7 Ke7
43. Rxa5 Bxd7 44. Re5+ Kd6 45. Rxe4 Rh3+ 46. Kg2 Rh8 47. Re5 Ra8 48. Rg5 Rxa2+ 49.
Kg3 Be8 50. Nb5+ Bxb5 51. Rxb5 Ra3 52. Rb6+ Kd5 53. Rxg6 Rxc3 54. Kf3 Rc2 55. Rg8
Rxh2 56. Rd8+ Kc5 57. Rc8+ Kb4 58. Rb8+ Kc3 59. Ke4 Kc2 60. Ra8 c3 61. Ra2+ Kd1 62.
Rxh2 c2 63. Rxc2 Kxc2 64. f5  1-0

[Event "1. OEsterreichische Internet Schach Meisterschaft - Vorrunde 3"]
[Site "Online - Playchess.com"]
[Date ""]
[Round "7"]
[Board "62"]
[White "Gallob, Marko"]
[Black "Schein, Karl-Heinz"]
[Result "0-1"]
[WhiteElo "1961"]
[BlackElo "2187"]
[PlyCount "70"]
[EventDate "2020.04.17"]
[EventRounds "9"]
[EventCountry "AUT"]

1. e4 e5 2. Nf3 Nc6 3. Bc4 Nf6 4. Ng5 d5 5. exd5 Na5 6. Bb5+ c6 7. dxc6 bxc6 8. Bd3
h6 9. Ne4 Be7 10. O-O O-O 11. Re1 Nd5 12. Bf1 f5 13. Nec3 Bf6 14. a3 e4 15. Nxd5
cxd5 16. d4 Nb7 17. Bf4 Be6 18. Nc3 g5 19. Be5 Bxe5 20. dxe5 d4 21. Nb5 Rc8 22. Nxd4
Bd5 23. b3 Nc5 24. c4 Ba8 25. Rb1 Qe7 26. Qc2 Qxe5 27. Nf3 Qf6 28. Nd2 Rcd8 29. b4
Nd3 30. Bxd3 Rxd3 31. a4 Rfd8 32. Red1 f4 33. c5 Qd4 34. Qb2 Qxb2 35. Rxb2 e3  0-1

[Event "1. OEsterreichische Internet Schach Meisterschaft - Vorrunde 3"]
[Site "Online - Playchess.com"]
[Date ""]
[Round "7"]
[Board "63"]
[White "Heinemann, Stephan"]
[Black "Nolz, Tom"]
[Result "0-1"]
[WhiteElo "1664"]
[BlackElo "2157"]
[PlyCount "142"]
[EventDate "2020.04.17"]
[EventRounds "9"]
[EventCountry "AUT"]

1. e4 e5 2. Nf3 d5 3. Nxe5 Qe7 4. f4 dxe4 5. Bc4 Nh6 6. Qh5 g6 7. Qe2 f6 8. Bb5+
c6 9. Nxc6 bxc6 10. Bc4 Bg4 11. Qe3 Nf5 12. Qb3 Nd7 13. Nc3 Nd4 14. Qb7 Nxc2+ 15.
Kf1 Rb8 16. Qxc6 e3 17. Nd5 e2+ 18. Kf2 Qc5+ 19. Qxc5 Bxc5+ 20. Kg3 Nxa1 21. b3 Nc2
22. Bb2 e1=Q+ 23. Rxe1+ Nxe1 24. Kxg4 h5+ 25. Kg3 Nc2 26. Nxf6+ Nxf6 27. Bxf6 Rf8
28. Be5 Rd8 29. d3 Nd4 30. Kh4 Be7+ 31. Kg3 Nf5+ 32. Kf3 Bf6 33. Bc7 Rc8 34. Ba5
Rxc4 35. dxc4 Kd7 36. Ke4 Re8+ 37. Kd5 Ne3+ 38. Kc5 Nxg2 39. Kb4 Nxf4 40. Kb5 g5
41. c5 g4 42. c6+ Kc8 43. Ka6 Bd4 44. b4 Nd5 45. b5 Bb6 46. a4 Re4 47. Bxb6 Rxa4+
48. Ba5 Nb4+ 49. Kxa7 Rxa5+ 50. Kb6 Rxb5+ 51. Kxb5 Nxc6 52. Kxc6 h4 53. Kd5 g3 54.
hxg3 h3 55. Ke4 h2 56. g4 h1=Q+ 57. Kf5 Qh7+ 58. Kf6 Qh6+ 59. Kf5 Kd7 60. g5 Qe6+
61. Kf4 Ke7 62. Kg3 Qe4 63. g6 Qxg6+ 64. Kf4 Ke6 65. Ke3 Ke5 66. Kf3 Qg5 67. Ke2
Ke4 68. Kd1 Qg2 69. Kc1 Kd3 70. Kb1 Kc3 71. Ka1 Qb2#  0-1

[Event "1. OEsterreichische Internet Schach Meisterschaft - Vorrunde 3"]
[Site "Online - Playchess.com"]
[Date ""]
[Round "7"]
[Board "64"]
[White "Grafenberger, Dieter"]
[Black "Schneider-Zinner, Werner"]
[Result "1-0"]
[WhiteElo "1953"]
[BlackElo "1967"]
[PlyCount "115"]
[EventDate "2020.04.17"]
[EventRounds "9"]
[EventCountry "AUT"]

1. d4 Nf6 2. Bg5 d5 3. e3 e6 4. f4 Be7 5. Nf3 O-O 6. Bxf6 Bxf6 7. Bd3 b6 8. c3 Ba6
9. Qe2 Bxd3 10. Qxd3 Nd7 11. O-O c5 12. Nbd2 a6 13. Ne5 Bxe5 14. dxe5 b5 15. Rf3
c4 16. Qe2 Nc5 17. Rh3 g6 18. Nf3 f6 19. exf6 Qxf6 20. Ne5 Qf5 21. Rf1 Nd3 22. Nc6
Rae8 23. Nd4 Qe4 24. Qg4 e5 25. Ne6 Rf7 26. Ng5 Qf5 27. Nxf7 Qxg4 28. Nh6+ Kg7 29.
Nxg4 exf4 30. exf4 Nxb2 31. Ne5 a5 32. Rb1 Na4 33. Rxb5 d4 34. Rb7+ Kf6 35. cxd4
c3 36. Rc7 Rd8 37. Rhxh7 Kf5 38. Rhf7+ Ke4 39. Nf3 Kd3 40. Rfd7 Nb2 41. d5 Nc4 42.
Rxd8 c2 43. Rxc4 Kxc4 44. Rc8+ Kxd5 45. Rxc2 Ke4 46. Rc5 Kxf4 47. Rxa5 Kg4 48. Rg5+
Kf4 49. Rxg6 Kf5 50. Rc6 Kg4 51. a3 Kh5 52. a4 Kg4 53. a5 Kh5 54. a6 Kg4 55. a7 Kh5
56. a8=Q Kg4 57. Qg8+ Kh5 58. Rc7  1-0

[Event "1. OEsterreichische Internet Schach Meisterschaft - Vorrunde 3"]
[Site "Online - Playchess.com"]
[Date ""]
[Round "7"]
[Board "65"]
[White "Stolzlechner, Thomas"]
[Black "Prinz, Hubert"]
[Result "0-1"]
[WhiteElo "2037"]
[BlackElo "1956"]
[PlyCount "108"]
[EventDate "2020.04.17"]
[EventRounds "9"]
[EventCountry "AUT"]

1. e4 d5 2. exd5 Qxd5 3. Nc3 Qd6 4. d4 Nf6 5. Nf3 a6 6. Be2 b5 7. a3 Bb7 8. O-O e6
9. Bg5 Be7 10. Bh4 O-O 11. Bg3 Qd8 12. Ne5 Nbd7 13. Bf3 Bxf3 14. Qxf3 Nxe5 15. dxe5
Nd5 16. Ne4 c5 17. Rfd1 c4 18. Nc3 Qb6 19. Nxd5 exd5 20. Rxd5 Rad8 21. Rad1 Rxd5
22. Rxd5 b4 23. Rd7 bxa3 24. bxa3 Bxa3 25. h3 Bc5 26. Qd5 c3 27. Rb7 Qa5 28. Qd7
Qa1+ 29. Kh2 Qe1 30. Qd5 Bxf2 31. Bxf2 Qxf2 32. e6 Qf4+ 33. Kh1 fxe6 34. Qxe6+ Kh8
35. Qe7 Rg8 36. Qb4 Qc1+ 37. Kh2 Qxc2 38. Rb8 Qd2 39. Rxg8+ Kxg8 40. Qc4+ Kf8 41.
Qc8+ Ke7 42. Qb7+ Kf6 43. Qxa6+ Kf5 44. Qb5+ Ke4 45. Qe8+ Kd3 46. Qd7+ Kc2 47. Qxg7
h6 48. Qg6+ Kc1 49. Qa6 Qf4+ 50. Kh1 c2 51. Qa3+ Kd2 52. Qb2 Kd1 53. Qb3 Kd2 54.
Qb2 Kd3  0-1